000 01064nam a2200349Ia 4500
003 GCL
005 20240530101909.0
008 140319s9999 xx 000 0 ara d
040 _aGCL /
_cGCL
082 0 4 _a398.2
_bق/ا ا
100 1 _aاحمد رشدى صالح
245 1 0 _aالادب الشعبى /
_cاحمد رشدى صالح
260 _a[S.N] :
_bمكتبة النهضة المصرية ،
_c1971
300 _a394 ص
650 0 4 _aمصر
650 0 4 _aالعادات والتقاليد
650 0 4 _aالسحر
650 0 4 _aالمرأة
650 0 4 _aالنوادرالعربية
650 0 4 _aالادب الشعبى
650 0 4 _aالامثال العامية
650 0 4 _aالاغانى الشعبية
650 0 4 _aالاغانى
650 0 4 _aالخرافات
650 0 4 _aالاساطير
650 0 4 _aالقصص الشعبية
650 0 4 _aالعفاريت
650 0 4 _aالانفعالات النفسية فى الادب
650 0 4 _aتاريخ ونقد
650 0 4 _aالتعاويذ
942 _2ddc
_cBK
999 _c28549
_d28549